000 00315nam a2200133 i 4500
001 bg
100 1 _aLUKES, Ju. Ch.
245 0 _aSchemy na poluprowadnikowych diodach /
_cJu. Ch. Lukes.
260 _aMoskwa,
_c1972.
040 _cBPK
041 _apol
942 _cKS
008 s pl f |000 0 pol
999 _c14895
_d14895
856 _uhttp://koha.tu.koszalin.pl/cgi-bin/koha/opac-detail.pl?biblionumber=14895
_yKatalog online BPK